000 00551nam a22001817a 4500
005 20231102140914.0
008 231102b |||||||| |||| 00| 0 eng d
020 _a409032905
041 _aEnglish
082 _a346.6 HEN
100 _aMilne, A et al.
_lEnglish
245 _aHenochsberg on Companies Act /
_cA Milne et al.
250 _aThird Edition
260 _aDurban :
_bButterworth and Company (Pty) Ltd,
_c1975
300 _bxxi, 1149 pages ;
_c25,5 cm.
650 _aLegal practice
_bLaw
942 _cBK
_6ALISON_BN_VRIES
999 _c262
_d262